000 00211nam a2200097Ia 4500
008 190216s9999||||xx |||||||||||||| ||und||
100 _aMichel West
245 0 _aTale From The Gust
260 _bNull
942 _cBK
999 _c11721
_d11721